000 00696nam a2200241Ia 4500
003 OSt
005 20220923225002.0
006 a|||||r|||| 00| 0
007 ta
008 220922b |||||||| |||| 00| 0 hin d
024 _a254,691
037 _cTextual
040 _aARTS
_cARTS
_bhin
041 _2hin
_ahin
082 _aO152,3NGH1x, M9
100 _aघोटड़, राम कुमार
245 0 _aतिनके तिनके
246 _aTinake tinake
260 _c1989
650 _aहिन्दी साहित्य
_9156264
942 _hO152,3NGH1x, M9
_cTEXL
_2CC
999 _c375240
_d375240